Allemand - Vocabulaire de l'art - Statistiques

Statistiques générales
  • Ce quiz a été pris 8 fois
  • Le résultat moyen est 39 sur 159
Statistiques - réponses
Français Allemand Notes % Correct
L'artiste (!) der Künstler (-)
83%
le peintre (!) der Maler (-)
83%
la couleur (!) die Farbe (n) farbig = coloré
83%
La musique die Musik plurien en karten
83%
Visiter un musée ein Museum besuchen → verbe faible
83%
aller au cinéma ins Kino gehen → verbe fort (geht, ging, ist gegangen)
83%
aller au musée ins Museum gehen
83%
Peindre malen → verbe faible
83%
Le musée das Museum plurien en seen
67%
la créativité die Kreativität
67%
classique klassisch
67%
créatif kreativ
67%
artificiel künstlich
67%
moderne modern
67%
la chanson (!) das Lied (er) (attention au genre)
50%
la danse (!) der Tanz (¨e) (attention au genre)
50%
L'image (!) das Bild (er) aussi : dessin, photo, peinture,
50%
Le cinéma (!) das Kino (s)
50%
l'œuvre d'art (!) das Kunstwerk (e) Werk = l'œuvre, l'usine
50%
le poète (!) der Dichter (-) dichten = faire de la poésie
50%
le musicien (!) der Musiker (-)
50%
le chanteur (!) der Sänger (-)
50%
l'acteur (!) der Schauspieler (-) shauen = regarder
50%
le danseur (!) der Tänzer (-)
50%
L'art (!) die Kunst (¨e) die Art = la manière, l'espèce
50%
la musique die Musik
50%
la beauté (!) die Schönheit (en)
50%
la danseuse die Tänzerin
50%
être célèbre berühmt sein
33%
le poème (!) das Gedicht (e)
33%
la peinture (le tableau peint) (!) das Gemälde (-)
33%
le public d'un spectacle das Publikum sg.
33%
le théâtre das Theater
33%
la pièce de théâtre das Theaterstück
33%
l'auteur (!) der Autor (en)
33%
l'écrivain (!) der Schriftsteller (-)
33%
le rêve (!) der Traum (¨e) träumen von (+dat) = rêver de
33%
le spectateur (!) der Zuschauer (-) jdm zuschauen (+dat) = regarder quelqu'un
33%
l'architecture die Architektur sg.
33%
l'imagination, le fantasme (!) die Fantasie (n)
33%
la sensibilité die Sensibilität
33%
l'utopie (!) die utopie (n) utopisch = utopique
33%
applaudir (1) klatschen → verbe faible→ verbe intransitif
33%
artistique künstlerisch
33%
étudier / faire les beaux arts Kunst studieren → verbe faible
33%
original originell (attention au suffixe)
33%
être reconnu anerkannt sein anerkennen = reconnaître
17%
applaudir (2) applaudieren → verbe faible→ verbe intransitif
17%
être sur la liste des best-sellers auf der Bestsellerliste stehen → verbe fort (steht, stand, hat gestanden)
17%
enregistrer (un film) aufnehmen → verbe fort (nimmt, nahm, aufgenommen)
17%
expressif ausdruckvoll der Ausdruck = l'expression
17%
esthétique ästhetisch (attention à l'orthographe)
17%
La star / la vedette (!) der Star (s) (attention au genre)
17%
être populaire, aimé de beliebt sein bei - (+dat) - bei = auprès de
17%
applaudir quelqu'un jdm applaudieren (+dat)
17%
être connu (de) jdm bekannt sein (+ dat)
17%
l'autographe (!) das Autogramm (e)
17%
le détail (1) (!) das Detail (s)
17%
le drame das Drama - pluriel en en- aussi genre littéraire au sens familier
17%
l'expertise (!) das Gutachten (-) ... erstellen = faire l'expertise
17%
le chef-d'œuvre (!) das Meisterwerk (e) der Meister = le maître
17%
l'instrument de musique (!) das Musikinstrument (e)
17%
l'original (!) das Original (e) adjectif en -ell
17%
le tableau de Picasso (!) das Picasso-Gemälde (-)
17%
le pseudonyme (!) das Pseudonym (e) aussi der Kunstlername
17%
les applaudissements der Applaus / der Beifall sg. collectif
17%
le best-seller (!) der Bestseller (-)
17%
le sculpteur (!) der Bildhauer (-)
17%
la bande dessinée (!) der Comic (s) prononciation anglaise
17%
expressionnisme der Expressionismus
17%
le chant (!) der Gesang (¨e) singen = chanter
17%
le jazz der Jazz - sg. - prononciation anglaise
17%
le succès cinématographique (!) der Kinohit (s)
17%
le comédien (!) der Komödiant (en) l'accent tonique est sur le -ant
17%
l'objet d'art (!) der Kunstgegenstand (¨e)
17%
le commerce de l'art der Kunsthandel sg.
17%
le commerçant d'art (!) der Kunsthändler (-)
17%
le critique d'art (!) der Kunstkritiker (-) kritisieren = critiquer
17%
l'amateur d'art (!) der Kunstliebhaber (-) der Liebhaber = l'amant, l'amateur
17%
le marché de l'art (!) der Kunstmarkt (¨e)
17%
le collectionneur d'art (!) der Kunstsammler (-) sammeln = colelctionner
17%
l'auteur-compositeur (!) der Liedermacher (-) das Lied = la chanson
17%
le metteur en scène (!) der Regisseur (e) prononciation française
17%
le réalisateur (!) der Regisseur (e) prononciation française
17%
la réputation der Ruf sg.
17%
la gloire, la renommée der Ruhm sg.
17%
le tube (!) der Schlager (-) der Hit = le hit
17%
le dessin animé (!) der Zeichentrickfilm (e)
17%
la représentation d'un spectacle (2) (!) die Aufführung (en) ein Stück auffünen = jouer une pièce
17%
la célébrité die Berühmtheit (en) der Ruhm = la gloire
17%
les arts plastiques die bildenden Künste
17%
la sculpture (discipline) die Bildhauerei die Skulptur = la sculpture (oeuvre)
17%
la scène (les planches) (!) die Bühne (n)
17%
le détail (2) (!) die Einzelheit (en)
17%
le faux, la falsification (!) die Fälschung (en) fälschen = fausser, falsifier
17%
le genre (art) (!) die Gattung (en)
17%
le groupe de jazz (!) die (Jazz)Band (s) prononciation anglaise
17%
la caricature die Karikatur (en)
17%
la comédie (!) die Komödie (n) l'accent tonique est sur le ö
17%
l'école des beaux-arts (1) (!) die Kunstakademie (n)
17%
l'exposition d'art (!) die Kunstausstellung (en) ausstellen = exposer
17%
le mouvement artistique (!) die Kunstbewegung (en) sich bewegen = bouger
17%
la galerie d'art (!) die Kunstgalerie (n)
17%
la théorie de l'art (!) die Kunstheorie (n) theoretisch = théorique
17%
l'école des beaux-arts (2) (!) die Kunsthochschule (n) hochschule = l'université
17%
la critique d'art die Kunstkritik
17%
le milieu artistique (!) die Kunstszene (n) aussi das Künstlermillieu
17%
la revue artistique (!) die Kunstzeitschrift (en)
17%
la littérature (!) die Literatur (en)
17%
la peinture (l'art) die Malerei sg.
17%
les musiques die Musikformen
17%
la scènes (les divisions d'un acte) (!) die Szene (n) aussi le milieu (artistique, etc.)
17%
la tragédie (!) die Tragödie (n) l'accent tonique est sur le ö
17%
la première représentation (!) die Uraufführung (en)
17%
la représentation d'un spectacle (1) (!) die Vorstellung (en) etw vorstellen = présenter qqc
17%
l'art contemporain die zeitgenössische Kunst der Zeitgenosse = le contemporain
17%
donner un autographe ein Autogramm geben → verbe fort (gibt, gab, hat gegeben)
17%
tourner un film einen Film drehen → verbe faible
17%
jouir d'une bonne réputation einen guten Ruf genießen / einen guten Ruf geniessen → verbe fort (genießt, genoss, hat genossen)
17%
un nouveau film vient de sortir Ein neuer Film ist angelaufen im Kino = à l'affiche
17%
s'y entendre en art etw. von Kunst verstehen → verbe fort (versteht, verstand, verstanden)
17%
l'imaginatif fantasievoll
17%
fasciner, captiver quelqu'un fesseln → verbe faible sens concret = ligoter
17%
être fascinant, captivant fesselnd sein
17%
à l'arrière-plan im Hintergrund Grund = sol, raison, fond
17%
au premier plan im Vordergrund
17%
caricaturer karikieren → verbe faible
17%
écouter de la musique classique (klassische) Musik hören
17%
composer (musique) komponieren → verbe faible
17%
créatif (2) kreativ hauen = donner des coups
17%
écouter du Mozart Mozart hören
17%
faire de la musique musizieren → verbe faible
17%
avoir un succès fou riesigen Erfolg haben
17%
créatif (1) schöpferisch der Schöpfer = le créateur
17%
s'exprimer sich ausdrücken → verbe faible
17%
se faire un nom sich einen Namen machen sich au datif
17%
avoir le sens artistique Sinn für Kunst haben der Sinn für = le sens de
17%
être répandu verbreitet sein verbreiten = répandre
17%
de renommée mondiale von Weltrang
17%
dans les coulisses hinter den Kulissen sens figuré
0%
le mécénat das Mazenatentum sg.
0%
l'antiquaire (!) der Antiquitätenhändler (-) der händler = le marchant
0%
le marché aux puces (!) der Flohmarkt (¨e) der Floh = la puce
0%
le kitsch der Kitsch sg.
0%
le mécène der Mäzen accent tonique sur la 2e syllabe
0%
le brocanteur der Trödler trödeln = être lent, traîner
0%
l'art abstrait die abstrakte Kunst
0%
l'art appliqué die angewandte Kunst anwenden = appliquer
0%
l'objet ancien, l'antiquité (!) die Antiquität (en)
0%
l'art figuratif die darstellende Kunst darstellen = représenter
0%
les gages (!) die Gage (n) surtout au singulier
0%
le vestiaire, la loge (!) die Garderobe (n)
0%
la coulisse die Kulissen souvent au pluriel
0%
la loge pour les spectateurs (!) die Loge (n)
0%
la vente aux enchères (!) die Versteigerung (en) aussi die Auktion
0%
un métier sans avenir eine brotlose Kunst littéralement qui ne suffit pas pour gagner sa vie, son pain
0%
siffler huer quelqu'un ou une pièce jdn. / etw. auspfeifen → verbe fort (pfeift, pfiff, hat ausgepfiffen)
0%
être kitsch kitschig sein
0%
vendre aux enchères versteigern
0%
Aucun quiz correspondant
Distribution des résultats
% des personnes avec chaque résultat
Percentile par nombre de réponses
Votre historique - résultats
Vous n’avez pas pris ce quiz